Zambia Country assistance review : (Record no. 9216)

MARC details
000 -LEADER
fixed length control field 01126cam a2200313 a 4500
001 - CONTROL NUMBER
control field 3069142
003 - CONTROL NUMBER IDENTIFIER
control field OSt
005 - DATE AND TIME OF LATEST TRANSACTION
control field 20240717110436.0
008 - FIXED-LENGTH DATA ELEMENTS--GENERAL INFORMATION
fixed length control field 970108s1997 dcua b i000 0 eng
010 ## - LIBRARY OF CONGRESS CONTROL NUMBER
LC control number 97003417
020 ## - INTERNATIONAL STANDARD BOOK NUMBER
International Standard Book Number 082133879X
040 ## - CATALOGING SOURCE
Transcribing agency MUST
041 0# - LANGUAGE CODE
Language code of text/sound track or separate title engfrespa
043 ## - GEOGRAPHIC AREA CODE
Geographic area code f-za---
082 00 - DEWEY DECIMAL CLASSIFICATION NUMBER
Classification number 338.9 BON 1997
Edition number 21
100 1# - MAIN ENTRY--PERSONAL NAME
Personal name Bonnick, Gladstone G.,
Dates associated with a name 1933-
9 (RLIN) 18802
245 10 - TITLE STATEMENT
Title Zambia Country assistance review :
Remainder of title turning an economy around /
Statement of responsibility, etc. Gladstone G. Bonnick.
260 ## - PUBLICATION, DISTRIBUTION, ETC. (IMPRINT)
Place of publication, distribution, etc. Washington, D.C. :
Name of publisher, distributor, etc. World Bank,
Date of publication, distribution, etc. c1997.
300 ## - PHYSICAL DESCRIPTION
Extent xvii, 152 p. :
Other physical details ill. ;
Dimensions 28 cm.
440 #2 - SERIES STATEMENT/ADDED ENTRY--TITLE
Title A World Bank operations evaluation study,
International Standard Serial Number 1011-0984
9 (RLIN) 18803
504 ## - BIBLIOGRAPHY, ETC. NOTE
Bibliography, etc Includes bibliographical references (p. 139).
546 ## - LANGUAGE NOTE
Language note English, French, and Spanish.
610 20 - SUBJECT ADDED ENTRY--CORPORATE NAME
Corporate name or jurisdiction name as entry element World Bank
Geographic subdivision Zambia.
9 (RLIN) 18804
650 #0 - SUBJECT ADDED ENTRY--TOPICAL TERM
Topical term or geographic name as entry element Economic assistance
Geographic subdivision Zambia.
9 (RLIN) 18805
650 #0 - SUBJECT ADDED ENTRY--TOPICAL TERM
Topical term or geographic name as entry element Structural adjustment (Economic policy)
Geographic subdivision Zambia.
9 (RLIN) 18806
906 ## - LOCAL DATA ELEMENT F, LDF (RLIN)
a 7
b cbc
c orignew
d 1
e ocip
f 19
g y-gencatlg
942 ## - ADDED ENTRY ELEMENTS (KOHA)
Source of classification or shelving scheme Dewey Decimal Classification
Koha item type Open Shelf
Holdings
Withdrawn status Lost status Source of classification or shelving scheme Damaged status Not for loan Home library Current library Date acquired Inventory number Total Checkouts Full call number Barcode Date last seen Price effective from Koha item type
    Dewey Decimal Classification     MUST Main Library MUST Main Library 17/07/2024 2001/14884   338.9 BON 1997 2024-22002 17/07/2024 17/07/2024 Open Shelf